[Event "London Classic FIDE Open"]
[Site "London ENG"]
[Date "2011.12.10"]
[Round "8"]
[White "White, Michael J R"]
[Black "Afek, Yochanan"]
[Result "1-0"]
[WhiteTitle "FM"]
[BlackTitle "IM"]
[WhiteElo "2214"]
[BlackElo "2301"]
[WhiteFideId "407380"]
[BlackFideId "2800462"]
[EventDate "2011.12.03"]

1. e4 c5 2. Nf3 Nc6 3. d4 cxd4 4. Nxd4 g6 5. c4 Bg7 6. Nc2 Nf6 7. Nc3 d6 8. Be2
Nd7 9. Bd2 a5 10. O-O O-O 11. Na3 Nc5 12. Nab5 a4 13. Be3 Be6 14. Rb1 Qa5 15.
Qd2 Rfc8 16. b3 axb3 17. axb3 Qd8 18. f4 b6 19. f5 Bd7 20. b4 Nxe4 21. Nxe4 Bxf5
22. Rxf5 gxf5 23. Ng3 Qd7 24. Bd3 e6 25. Nh5 Be5 26. Bg5 Kf8 27. Nf6 Qb7 28. Re1
Ra1 29. Rxa1 Bxa1 30. Nxd6 Qc7 31. Nxc8 Qxc8 32. Bh4 Ne5 33. Qg5 Ng6 34. Qh6+
Ke7 35. Nd5+ Kd6 36. Bg3+ Kc6 37. Qxg6 Qh8 38. b5+ Kc5 39. Bf2+ Bd4 40. Qf6 1-0

[Event "London Classic FIDE Open"]
[Site "London ENG"]
[Date "2011.12.10"]
[Round "8"]
[White "Croad, Nicolas"]
[Black "Britton, Richard L"]
[Result "1-0"]
[WhiteTitle "FM"]
[BlackTitle "FM"]
[WhiteElo "2292"]
[BlackElo "2219"]
[WhiteFideId "4300793"]
[BlackFideId "401692"]
[EventDate "2011.12.03"]

1. d4 Nf6 2. c4 g6 3. Nc3 Bg7 4. e4 d6 5. Nf3 O-O 6. Be2 e5 7. O-O Nc6 8. d5 Ne7
9. Kh1 Ne8 10. Be3 h6 11. Nd2 f5 12. f3 f4 13. Bg1 g5 14. c5 Ng6 15. Rc1 Rf7 16.
cxd6 cxd6 17. Nc4 Bf8 18. Nb5 b6 19. a4 Rb8 20. a5 Ba6 21. Ncxd6 Bxd6 22. Nxd6
Nxd6 23. Bxa6 g4 24. axb6 axb6 25. fxg4 Qg5 26. Rc3 Nxe4 27. Bd3 Nf6 28. Bf5 Rg7
29. d6 Nf8 30. Rc7 N8d7 31. Qb3+ Kh8 32. Qh3 Rd8 33. Rfc1 Nxg4 34. Rc8 Qxf5 35.
Rxd8+ Kh7 36. Re8 e4 37. Re7 f3 38. Rxg7+ Kxg7 39. Bd4+ Kf7 40. Qg3 Ke6 41. gxf3
exf3 42. Re1+ Kd5 43. Bf2 Nde5 44. Rd1+ Kc6 45. Kg1 Nd3 46. d7 Ngxf2 47. d8=Q
Nh3+ 48. Kf1 1-0

[Event "London Classic FIDE Open"]
[Site "London ENG"]
[Date "2011.12.10"]
[Round "8"]
[White "Rudd, Jack"]
[Black "O'Toole, George E"]
[Result "1-0"]
[WhiteTitle "IM"]
[WhiteElo "2290"]
[BlackElo "2189"]
[WhiteFideId "405736"]
[BlackFideId "412732"]
[EventDate "2011.12.03"]

1. d4 Nf6 2. c4 c5 3. d5 b5 4. Nf3 g6 5. Qc2 bxc4 6. e4 d6 7. Bxc4 Bg7 8. Nc3
Nfd7 9. Bf4 Ba6 10. Nd2 Nb6 11. Bxa6 Nxa6 12. a3 O-O 13. h4 c4 14. Be3 Rc8 15.
h5 Nc5 16. hxg6 Nd3+ 17. Ke2 fxg6 18. Nf3 Qd7 19. Rh4 Bf6 20. Rh3 e6 21. a4 exd5
22. a5 dxe4 23. axb6 exf3+ 24. Rxf3 axb6 25. Nd5 Qe6 26. Nxb6 Ne5 27. Rxf6 Qxf6
28. Nxc8 Rxc8 29. Qe4 Qe6 30. Ra7 Re8 31. Qb7 Nf7 32. Kd2 d5 33. Qd7 Qxd7 34.
Rxd7 Rd8 35. Rc7 Nd6 36. f3 Nf5 37. Bg5 Rb8 38. Bf6 Rb6 39. Be5 Re6 40. f4 Re7
41. Rc8+ Kf7 42. Rd8 Ke6 43. g4 Nh6 44. Rd6+ Kf7 45. g5 Ng4 46. Rxd5 Nxe5 47.
Rxe5 Rb7 48. Kc2 Rb3 49. Re4 Rb4 50. Re2 Rb3 51. Rh2 Kg7 52. Rd2 Kf7 53. Rd7+
Kg8 54. Rc7 Rb4 55. Ra7 Kh8 56. Ra2 Kg7 57. Kc3 Rb3+ 58. Kxc4 Rf3 59. Ra7+ Kg8
60. Rd7 Rxf4+ 61. Kc5 Rg4 62. Rd5 Kf7 63. b4 Ke6 64. b5 Rg1 65. Kc6 Rb1 66. Rc5 1-0

[Event "London Classic FIDE Open"]
[Site "London ENG"]
[Date "2011.12.10"]
[Round "8"]
[White "Alfred, Nathan S W"]
[Black "Farrell, Neil"]
[Result "1-0"]
[WhiteTitle "FM"]
[WhiteElo "2294"]
[BlackElo "2181"]
[WhiteFideId "407739"]
[BlackFideId "2400588"]
[EventDate "2011.12.03"]

1. Nf3 Nf6 2. d4 e6 3. c4 Bb4+ 4. Nbd2 b6 5. g3 Bb7 6. Bg2 O-O 7. O-O Be7 8. Re1
d5 9. Ne5 Nbd7 10. cxd5 exd5 11. Ndc4 Qc8 12. Ne3 Re8 13. Bh3 Qd8 14. Qa4 Nxe5
15. dxe5 Ne4 16. e6 Bf6 17. exf7+ Kxf7 18. Rd1 c5 19. Bg2 Bd4 20. Rxd4 cxd4 21.
Qxd4 Qf6 22. Qxf6+ gxf6 23. Nf5 Red8 24. Bf4 Kg6 25. Nd4 Kf7 26. Nf5 Kg6 27. g4
Rd7 28. h4 Rad8 29. Nd4 Kf7 30. Bh3 Re7 31. Nf5 Re6 32. Nd4 Re7 33. Nf5 Re6 34.
f3 Nc5 35. Kf2 d4 36. b4 Na4 37. g5 Rc6 38. gxf6 Ba6 39. Rg1 Rxf6 40. Rg7+ Ke8
41. Rxa7 1-0

[Event "London Classic FIDE Open"]
[Site "London ENG"]
[Date "2011.12.10"]
[Round "8"]
[White "Williamson, Roger G"]
[Black "Radovanovic, Jovica"]
[Result "1/2-1/2"]
[BlackTitle "FM"]
[WhiteElo "2157"]
[BlackElo "2309"]
[WhiteFideId "414620"]
[BlackFideId "915912"]
[EventDate "2011.12.03"]

1. e4 c5 2. Nf3 d6 3. d4 cxd4 4. Nxd4 Nf6 5. Nc3 a6 6. Be2 e5 7. Nb3 Be7 8. O-O
O-O 9. Re1 Be6 10. Bf1 Nbd7 11. Nd5 Nxd5 12. exd5 Bf5 13. a4 a5 14. Bb5 Bg6 15.
c3 h6 16. f4 Bf6 17. Qg4 Nb6 18. f5 Bh7 19. c4 Nc8 20. Bxh6 Ne7 21. Rf1 Nxf5 22.
Bd2 Nd4 23. Nxd4 exd4 1/2-1/2

[Event "London Classic FIDE Open"]
[Site "London ENG"]
[Date "2011.12.10"]
[Round "8"]
[White "Lemeaux, David"]
[Black "Gavriel, Tryfon C"]
[Result "1-0"]
[BlackTitle "CM"]
[WhiteElo "2279"]
[BlackElo "2156"]
[WhiteFideId "613843"]
[BlackFideId "403105"]
[EventDate "2011.12.03"]

1. d4 Nf6 2. c4 g6 3. g3 Bg7 4. Bg2 O-O 5. Nf3 d6 6. O-O Nc6 7. Nc3 e5 8. d5 Ne7
9. e4 Nd7 10. Ne1 f5 11. Nd3 Nf6 12. f3 Nh5 13. Bd2 f4 14. g4 Nf6 15. c5 g5 16.
Rc1 a6 17. Na4 b5 18. Nc3 Ng6 19. a4 Rf7 20. Qe2 Bf8 21. axb5 dxc5 22. Nb1 c4
23. Rxc4 axb5 24. Rc2 h5 25. h3 Bd6 26. Na3 Bd7 27. Nc5 Qf8 28. Nxd7 Nxd7 29.
gxh5 Bc5+ 30. Kh2 Nh4 31. Nxb5 Nf6 32. Rfc1 Bb6 33. Be1 Nxg2 34. Qxg2 g4 35.
hxg4 Nxe4 36. Nxc7 Nd6 37. Nxa8 Qxa8 38. Rc6 Qd8 39. g5 Rf5 40. Qg4 Rxg5 41.
Rxd6 1-0

[Event "London Classic FIDE Open"]
[Site "London ENG"]
[Date "2011.12.10"]
[Round "8"]
[White "Pedersen, Carsten"]
[Black "Eckersley-Waites, Tom"]
[Result "1/2-1/2"]
[WhiteElo "2133"]
[BlackElo "2276"]
[WhiteFideId "1409760"]
[BlackFideId "412449"]
[EventDate "2011.12.03"]

1. e4 e5 2. Nf3 Nc6 3. Bc4 Nf6 4. d4 exd4 5. O-O Nxe4 6. Re1 d5 7. Bxd5 Qxd5 8.
Nc3 Qh5 9. Nxe4 Be6 10. Bg5 Bd6 11. Nxd6+ cxd6 12. Bf4 Qd5 13. c3 Kd7 14. Nxd4
Nxd4 15. Qxd4 Qxd4 16. cxd4 Bd5 17. a3 Rac8 18. Rac1 a5 19. f3 Rc6 20. Rxc6 bxc6
21. Bd2 Rb8 22. Bc3 g5 23. Kf2 a4 24. h4 h6 25. hxg5 hxg5 26. Rh1 Rg8 27. Rh6 g4
28. Bb4 Be6 29. g3 Rg5 30. fxg4 Rxg4 31. Bc3 Rg5 32. Rh4 Bd5 33. Bb4 Rg6 34. Bd2
Rg8 35. Rh6 Be4 36. Bb4 Bg6 37. Rh1 Ke6 38. Bc3 Kd5 39. Rh4 Re8 40. Rf4 Re6 41.
Rf3 Kc4 42. Rf4 d5 43. g4 Kb3 44. Kg3 Re8 45. Rf6 Rc8 46. Kf4 c5 47. dxc5 Rxc5
48. Rb6+ Ka2 49. Bd4 Rc2 1/2-1/2

[Event "London Classic FIDE Open"]
[Site "London ENG"]
[Date "2011.12.10"]
[Round "8"]
[White "Gagare, Shardul"]
[Black "Tavoularis, Nicholas"]
[Result "1-0"]
[WhiteTitle "FM"]
[WhiteElo "2275"]
[BlackElo "2143"]
[WhiteFideId "5037883"]
[BlackFideId "4205596"]
[EventDate "2011.12.03"]

1. c4 f5 2. g3 Nf6 3. Bg2 g6 4. Nf3 Bg7 5. Nc3 O-O 6. O-O d6 7. d3 Nc6 8. Rb1 a5
9. a3 Nh5 10. Qc2 f4 11. Nd5 e5 12. b4 axb4 13. axb4 g5 14. b5 Nd4 15. Nxd4 exd4
16. c5 Be5 17. cxd6 Qxd6 18. Bd2 Rf7 19. Bb4 Qh6 20. Ne7+ Kg7 21. Qc4 Qf6 22.
Nxc8 b6 23. Nxb6 cxb6 24. Qc6 Ra4 25. Qe8 Kh6 26. Bd5 Raa7 27. Bxf7 Rxf7 28.
Rbc1 Kg7 29. Rc8 Qf5 30. Qg8+ Kh6 31. Rc6+ 1-0

[Event "London Classic FIDE Open"]
[Site "London ENG"]
[Date "2011.12.10"]
[Round "8"]
[White "Torner Planell, Josep Ramon"]
[Black "Prosviriakov, Vladimir"]
[Result "0-1"]
[BlackTitle "IM"]
[WhiteElo "2123"]
[BlackElo "2274"]
[WhiteFideId "2219174"]
[BlackFideId "2004860"]
[EventDate "2011.12.03"]

1. e4 e5 2. Nf3 Nc6 3. Bb5 g6 4. d4 exd4 5. Bg5 Be7 6. Bxe7 Qxe7 7. O-O Nf6 8.
Re1 O-O 9. e5 Nh5 10. Bxc6 dxc6 11. Qxd4 Bf5 12. Nc3 Rfd8 13. Qc4 Bxc2 14. Nd4
Qh4 15. Nce2 Bf5 16. g3 Qe4 17. Rad1 Be6 18. Qc3 Bd5 19. f3 Qxe5 20. Nf4 Qg5 21.
Nh3 Qf6 22. f4 Re8 23. Nf2 Qg7 24. Ng4 f6 25. Qb4 Qd7 26. f5 Rxe1+ 27. Rxe1 Re8
28. Ne6 a5 29. Qc3 gxf5 30. Nh6+ Kh8 31. Nf4 Rxe1+ 32. Qxe1 Nxf4 0-1

[Event "London Classic FIDE Open"]
[Site "London ENG"]
[Date "2011.12.10"]
[Round "8"]
[White "Farrand, Tom"]
[Black "Zymberi, Astrit"]
[Result "0-1"]
[WhiteElo "2265"]
[BlackElo "2138"]
[WhiteFideId "406457"]
[BlackFideId "4700295"]
[EventDate "2011.12.03"]

1. e4 c5 2. Nc3 e6 3. f4 Nc6 4. Nf3 d5 5. Bb5 d4 6. Bxc6+ bxc6 7. Nb1 d3 8. c4
Ne7 9. b3 Ng6 10. g3 h5 11. Bb2 h4 12. Kf2 f6 13. Nc3 Bd6 14. Qg1 Kf7 15. e5
fxe5 16. Ne4 exf4 17. Nxd6+ Qxd6 18. gxh4 e5 19. Re1 Rh5 20. Qg2 Nxh4 21. Nxh4
Rxh4 22. Bxe5 Qh6 23. Bxg7 Bh3 24. Qxh3 Rxh3 25. Bxh6 Rxh6 26. Kf3 Rah8 27. Kxf4
Rh3 28. Ref1 Ke6 29. Ke4 Rd8 30. Rf3 Rh4+ 31. Ke3 Ke5 32. Kf2 Kd4 33. Re3 Rf8+
34. Kg3 Rh6 35. h4 Rg6+ 36. Kh3 Rf2 37. Rh2 Rxd2 0-1

[Event "London Classic FIDE Open"]
[Site "London ENG"]
[Date "2011.12.10"]
[Round "8"]
[White "Eames, Robert S"]
[Black "Murray, David"]
[Result "0-1"]
[WhiteTitle "FM"]
[WhiteElo "2241"]
[BlackElo "2133"]
[WhiteFideId "408743"]
[BlackFideId "2501511"]
[EventDate "2011.12.03"]

1. e4 c5 2. Nf3 Nc6 3. d4 cxd4 4. Nxd4 Nf6 5. Nc3 e5 6. Ndb5 d6 7. Bg5 a6 8. Na3
b5 9. Bxf6 gxf6 10. Nd5 f5 11. Bd3 Be6 12. O-O Bxd5 13. exd5 Ne7 14. c3 Bg7 15.
Nc2 O-O 16. a4 e4 17. Be2 bxa4 18. Rxa4 Qb6 19. Nb4 a5 20. Qa1 Rfc8 21. Qa2 Rc5
22. Ra1 Qb7 23. Bc4 Bf6 24. g3 Nc8 25. Nc6 Nb6 26. Qb3 Qc7 27. Rxa5 Raxa5 28.
Rxa5 Nxc4 29. Rxc5 Nd2 30. Ne7+ Qxe7 31. Rc8+ Kg7 32. Qb8 e3 33. Rg8+ Kh6 34.
Re8 e2 0-1

[Event "London Classic FIDE Open"]
[Site "London ENG"]
[Date "2011.12.10"]
[Round "8"]
[White "Arvola, Benjamin"]
[Black "Aryan, Chopra"]
[Result "1-0"]
[WhiteElo "2232"]
[BlackElo "1836"]
[WhiteFideId "1506536"]
[BlackFideId "5084423"]
[EventDate "2011.12.03"]

1. e4 c5 2. Nf3 d6 3. d4 cxd4 4. Nxd4 Nf6 5. Nc3 a6 6. Be2 e5 7. Nb3 Be7 8. O-O
O-O 9. f4 b5 10. Bf3 Bb7 11. Be3 Nbd7 12. a4 bxa4 13. Rxa4 Bc6 14. Rc4 Rc8 15.
f5 a5 16. Nd5 Nxd5 17. exd5 Bb5 18. Rxc8 Qxc8 19. Re1 a4 20. Na5 Nc5 21. c4 Bd7
22. Nc6 Bxc6 23. dxc6 Qxf5 24. Bxc5 dxc5 25. Bg4 Qf4 26. c7 f5 27. Rf1 Qe3+ 28.
Kh1 g6 29. Qd7 fxg4 30. Qe6+ Kh8 31. Rxf8+ Bxf8 32. Qf6+ Kg8 33. Qf1 1-0

[Event "London Classic FIDE Open"]
[Site "London ENG"]
[Date "2011.12.10"]
[Round "8"]
[White "Mareckova, Martina"]
[Black "Wallace, Paul"]
[Result "1/2-1/2"]
[WhiteElo "2123"]
[BlackElo "2229"]
[WhiteFideId "327930"]
[BlackFideId "2500892"]
[EventDate "2011.12.03"]

1. e4 c5 2. Nc3 Nc6 3. Bb5 e5 4. Bxc6 bxc6 5. d3 Be7 6. Nge2 Nf6 7. O-O d6 8. b3
O-O 9. Ng3 Be6 10. f4 exf4 11. Bxf4 Ng4 12. Nf5 Ne5 13. Nxe7+ Qxe7 14. Bxe5 dxe5
15. Qe1 f6 16. Na4 Rfb8 17. Qf2 Rb4 18. Nc3 Rb7 19. Na4 Rb4 20. Nc3 Rb7 21. Na4 1/2-1/2

[Event "London Classic FIDE Open"]
[Site "London ENG"]
[Date "2011.12.10"]
[Round "8"]
[White "McKenna, Jason P"]
[Black "Thingstad, Even"]
[Result "1/2-1/2"]
[WhiteElo "2110"]
[BlackElo "2213"]
[WhiteFideId "403857"]
[BlackFideId "1506439"]
[EventDate "2011.12.03"]

1. e4 c6 2. d4 d5 3. Nc3 dxe4 4. Nxe4 Bf5 5. Ng3 Bg6 6. h4 h6 7. Nf3 Nd7 8. h5
Bh7 9. Bd3 Bxd3 10. Qxd3 e6 11. Bd2 Ngf6 12. O-O-O Be7 13. Qe2 c5 14. dxc5 Qc7
15. Rhe1 O-O 16. Ne5 Nxc5 17. Kb1 Rac8 18. c4 Rfd8 19. b3 a6 20. Bc3 Rxd1+ 21.
Rxd1 b5 22. Bd4 Qb7 23. cxb5 axb5 24. Qf3 Qxf3 25. Nxf3 Rd8 26. Kc2 Na6 27. Rd2
Nb4+ 28. Kb1 Rd5 29. Bxf6 Bxf6 30. Rxd5 Nxd5 31. Ne2 b4 32. Kc2 g6 33. hxg6 fxg6
34. Kd3 h5 35. g3 g5 36. Ned4 Kf7 37. Nc6 Kg6 38. Kc4 Bc3 39. Nfd4 h4 40. gxh4
gxh4 41. Ne5+ Kf6 42. Nef3 h3 43. Nxe6 Kxe6 44. Ng5+ Kf5 45. Nxh3 Kg4 46. Kxd5
Kxh3 47. Kc4 Bd2 48. Kb5 Kg4 49. Ka4 Kf3 50. a3 bxa3 51. Kxa3 Kxf2 52. b4 Bxb4+
53. Kxb4 1/2-1/2

[Event "London Classic FIDE Open"]
[Site "London ENG"]
[Date "2011.12.10"]
[Round "8"]
[White "Mohammad Ashraf"]
[Black "Hansen, Pal Andreas"]
[Result "1/2-1/2"]
[WhiteElo "2188"]
[BlackElo "2056"]
[WhiteFideId "5066263"]
[BlackFideId "1506145"]
[EventDate "2011.12.03"]

1. d4 g6 2. c4 Bg7 3. Nc3 c5 4. d5 Bxc3+ 5. bxc3 f5 6. Qc2 d6 7. Nh3 Qa5 8. g3
Nd7 9. Bg2 Nb6 10. Nf4 Nxc4 11. h4 Bd7 12. a4 Nf6 13. h5 Rg8 14. hxg6 1/2-1/2

[Event "London Classic FIDE Open"]
[Site "London ENG"]
[Date "2011.12.10"]
[Round "8"]
[White "White, David J"]
[Black "Ethelontis, Alexandros N"]
[Result "0-1"]
[WhiteElo "1958"]
[BlackElo "2186"]
[WhiteFideId "402931"]
[BlackFideId "405469"]
[EventDate "2011.12.03"]

1. e4 e6 2. d4 d5 3. e5 c5 4. c3 Nc6 5. Nf3 Nh6 6. Be2 f6 7. exf6 Qxf6 8. Bg5
Qf7 9. Bxh6 gxh6 10. Ne5 Nxe5 11. dxe5 Qf4 12. Bh5+ Ke7 13. O-O Rg8 14. g3 Rg5
15. Nd2 Qf5 16. Be2 Kf7 17. f4 Rg7 18. Nf3 Kg8 19. Nh4 Qh3 20. Ng2 c4 21. f5
Bc5+ 22. Kh1 Bd7 23. Nf4 Qxf5 24. Nxd5 Qe4+ 25. Bf3 Qxe5 26. Re1 Qg5 27. Nf4 Re8
28. Bxb7 Kh8 29. Qe2 e5 30. Ng2 Bf5 31. Be4 Be6 32. Rad1 Rf7 33. Rf1 Ref8 34.
Rxf7 Rxf7 35. Rf1 Rd7 36. Rd1 Bg4 37. Bf3 Rxd1+ 38. Qxd1 Bxf3 39. Qxf3 Qc1+ 40.
Ne1 Qxe1+ 41. Kg2 Qd2+ 42. Kh3 Qd7+ 43. Kg2 Qe6 44. Qa8+ Kg7 45. Qb7+ Qf7 46.
Qe4 Qf2+ 47. Kh3 Qf1+ 48. Kg4 h5+ 49. Kxh5 Qh3+ 50. Qh4 Qxh4+ 51. Kxh4 Kf6 52.
Kg4 Ke6 53. Kf3 Kd5 54. g4 a5 55. b3 Be7 56. Ke3 Bg5+ 57. Ke2 h6 58. h3 e4 59.
Ke1 Kc5 60. Ke2 Kd5 61. Ke1 Ke5 62. Ke2 cxb3 63. axb3 Kf4 64. c4 Be7 65. Kf2 Bb4
66. Ke2 Bc5 0-1

[Event "London Classic FIDE Open"]
[Site "London ENG"]
[Date "2011.12.10"]
[Round "8"]
[White "Compton, Alistair"]
[Black "Josse, Mark"]
[Result "1/2-1/2"]
[WhiteElo "2024"]
[BlackElo "2162"]
[WhiteFideId "4300645"]
[BlackFideId "414476"]
[EventDate "2011.12.03"]

1. e4 c5 2. c3 d5 3. exd5 Qxd5 4. d4 Nf6 5. Nf3 Bg4 6. Be2 e6 7. O-O Nc6 8. h3
Bh5 9. Be3 cxd4 10. Nxd4 Bxe2 11. Qxe2 Nxd4 12. Bxd4 Be7 13. Rd1 Qc6 14. Nd2 O-O
15. Nf3 Rfd8 16. Be5 Rxd1+ 17. Rxd1 Rd8 18. Rd4 Rxd4 19. Bxd4 a6 20. Qe5 Bd6 21.
Qa5 Bc7 22. Qc5 1/2-1/2

[Event "London Classic FIDE Open"]
[Site "London ENG"]
[Date "2011.12.10"]
[Round "8"]
[White "Pleininger, Rudolf"]
[Black "Tozer, Philip A A"]
[Result "0-1"]
[WhiteElo "1939"]
[BlackElo "2159"]
[WhiteFideId "1305999"]
[BlackFideId "419982"]
[EventDate "2011.12.03"]

1. e4 e6 2. d4 d5 3. Nc3 Nf6 4. Bg5 Be7 5. e5 Nfd7 6. Bxe7 Qxe7 7. f4 O-O 8. Nf3
c5 9. dxc5 Nc6 10. Qd2 f6 11. O-O-O fxe5 12. Nxe5 Ndxe5 13. fxe5 Nxe5 14. Re1
Qf6 15. Nxd5 exd5 16. Qxd5+ Nf7 17. Bc4 Bf5 18. Rhf1 g6 19. g4 Qg5+ 20. Kb1 Qxg4
21. h3 Qh4 22. Bb3 b6 23. c6 Rad8 24. Qf3 Rfe8 25. Rxe8+ Rxe8 26. Qc3 Qe7 27. a3
Qe5 28. Qf3 Kg7 29. Rd1 Qe3 30. Qd5 Be6 31. Qd3 Bxb3 32. Qxe3 Rxe3 33. cxb3 Re8
34. b4 a6 35. a4 b5 36. a5 Rc8 37. Rc1 Rc7 38. Rc5 Nd8 39. Rd5 Nxc6 40. Rc5 Rc8
41. h4 Ne7 42. Re5 Kf6 43. Re1 Nf5 44. Re4 Rc6 45. Ka2 Re6 46. Rf4 Ke5 47. Rf1
Nxh4 48. Rf7 h5 49. Rc7 Nf5 50. Rc5+ Kf4 51. Rc7 h4 52. Rb7 h3 53. Rb6 Nd6 54.
b3 h2 0-1

[Event "London Classic FIDE Open"]
[Site "London ENG"]
[Date "2011.12.10"]
[Round "8"]
[White "Blazquez, Denis"]
[Black "Shepley, Julien M"]
[Result "1-0"]
[WhiteElo "2178"]
[BlackElo "2043"]
[WhiteFideId "601705"]
[BlackFideId "403210"]
[EventDate "2011.12.03"]

1. d4 Nf6 2. Nf3 d5 3. c4 e6 4. cxd5 exd5 5. Qc2 Bd6 6. Bg5 Nbd7 7. Nc3 c6 8. e3
Nf8 9. Bd3 Ne6 10. Bh4 h6 11. Bf5 Qe7 12. O-O-O g5 13. Bg3 Ng7 14. Bd3 Be6 15.
Kb1 O-O 16. Rhe1 Rae8 17. Ne5 Ngh5 18. f4 Nxg3 19. hxg3 Ng4 20. Qe2 Bxe5 21.
dxe5 f5 22. Qd2 Rd8 23. Be2 Nf2 24. Rc1 Ne4 25. Nxe4 dxe4 26. Qc3 Qf7 27. b3 a5
28. Red1 a4 29. Kb2 axb3 30. axb3 Rxd1 31. Rxd1 Bd5 32. Bc4 Rd8 33. Qa5 Rd7 34.
Bxd5 cxd5 35. Qb6 Qf8 36. Qe6+ Qf7 37. Qxh6 gxf4 38. Rc1 Qg7 39. Rc8+ Kf7 40.
Qxg7+ Kxg7 41. gxf4 d4 42. e6 Re7 43. exd4 Rxe6 44. Rc1 Rd6 45. Rd1 Rd5 46. Kc3
b5 47. Rh1 Kg6 48. Rh8 Rd7 49. Ra8 Kh5 50. Rg8 Kh4 51. Rg5 Rf7 52. Kd2 b4 53.
Ke3 Rf8 54. Kf2 Re8 55. g3+ Kh3 56. Rh5+ Kg4 57. Rh4# 1-0

[Event "London Classic FIDE Open"]
[Site "London ENG"]
[Date "2011.12.10"]
[Round "8"]
[White "Quinn, John M"]
[Black "Lee, Kai Jie Edward"]
[Result "1/2-1/2"]
[WhiteElo "2151"]
[BlackElo "2003"]
[WhiteFideId "405043"]
[BlackFideId "5802920"]
[EventDate "2011.12.03"]

1. d4 d5 2. c4 c6 3. Nf3 Nf6 4. e3 Bg4 5. Qb3 Qb6 6. Nc3 e6 7. Nh4 Bh5 8. h3
Nbd7 9. g4 Bg6 10. Nxg6 hxg6 11. Bg2 Be7 12. Bd2 Rc8 13. g5 Nh5 14. h4 O-O 15.
Qxb6 Nxb6 16. c5 Nd7 17. Bh3 Rcd8 18. b4 e5 19. Bxd7 exd4 20. Bh3 dxc3 21. Bxc3
f5 22. O-O f4 23. Kh2 a5 24. a3 Ra8 25. Bd4 Bd8 26. Be5 fxe3 27. fxe3 Re8 28.
Bd6 Be7 29. b5 d4 30. bxc6 bxc6 31. e4 Bxd6+ 32. cxd6 Rad8 33. d7 Rxe4 34. Rae1
Rxe1 35. Rxe1 Kf7 36. Be6+ Ke7 37. Bg4+ Kd6 38. Re8 Kc7 39. Re5 Nf4 40. Re4 1/2-1/2

[Event "London Classic FIDE Open"]
[Site "London ENG"]
[Date "2011.12.10"]
[Round "8"]
[White "Nandhidhaa, PV"]
[Black "Flynn, David"]
[Result "1-0"]
[WhiteElo "2139"]
[BlackElo "1978"]
[WhiteFideId "5050847"]
[BlackFideId "410594"]
[EventDate "2011.12.03"]

1. e4 c5 2. Nf3 d6 3. d4 cxd4 4. Nxd4 Nf6 5. Nc3 a6 6. Be2 e5 7. Nb3 Be7 8. O-O
O-O 9. f4 Qc7 10. Kh1 Be6 11. Be3 Nbd7 12. f5 Bc4 13. g4 Bxe2 14. Qxe2 Qc6 15.
Qg2 h6 16. h4 h5 17. gxh5 Nxh5 18. Nd5 Rfe8 19. Rg1 Kh7 20. Qg4 Qxc2 21. Qxh5+
Kg8 22. Rxg7+ 1-0

[Event "London Classic FIDE Open"]
[Site "London ENG"]
[Date "2011.12.10"]
[Round "8"]
[White "Holzhauer, Bjoern"]
[Black "Iyengar, Ilya"]
[Result "1-0"]
[WhiteElo "2131"]
[BlackElo "1974"]
[WhiteFideId "20605544"]
[BlackFideId "405949"]
[EventDate "2011.12.03"]

1. d4 Nf6 2. c4 g6 3. Nc3 Bg7 4. e4 d6 5. f4 O-O 6. Nf3 c5 7. Be2 cxd4 8. Nxd4
Qa5 9. O-O a6 10. Be3 Bd7 11. Nb3 Qc7 12. Rc1 Rc8 13. c5 dxc5 14. e5 Ne8 15. Nd5
Qd8 16. Bxc5 Nc6 17. Bb6 Nc7 18. Nc5 1-0

[Event "London Classic FIDE Open"]
[Site "London ENG"]
[Date "2011.12.10"]
[Round "8"]
[White "Wallis, Ian J"]
[Black "Duncan, Patrick C M"]
[Result "1-0"]
[WhiteElo "2003"]
[BlackElo "2125"]
[WhiteFideId "468452"]
[BlackFideId "405787"]
[EventDate "2011.12.03"]

1. e4 c6 2. Nc3 d5 3. Nf3 dxe4 4. Nxe4 Bg4 5. h3 Bxf3 6. Qxf3 Nd7 7. d4 Ngf6 8.
Bd3 Nxe4 9. Qxe4 Nf6 10. Qh4 e6 11. Bg5 Be7 12. O-O Nd5 13. Bxe7 Qxe7 14. Qe4
O-O-O 15. a3 Nf6 16. Qh4 Qd6 17. c3 c5 18. Rfd1 cxd4 19. Bc4 Kb8 20. Rxd4 Qb6
21. Rad1 Rxd4 22. Rxd4 Rd8 23. Rxd8+ Qxd8 24. Qg3+ Kc8 25. Qxg7 Qe7 26. Qg5 a6
27. g3 Kd8 28. Qf4 Nd7 29. Bd3 f5 30. Be2 Kc8 31. Qc4+ Kb8 32. Bf3 Ne5 33. Qe2
Qd6 34. Bg2 Ng6 35. Qf3 Qd7 36. Qe3 Ka8 37. Qd4 Qe7 38. b4 Kb8 39. a4 Ka8 40. b5
axb5 41. axb5 Kb8 42. b6 Nf8 43. Qa4 Nd7 44. Qa7+ Kc8 45. Qxb7+ Kd8 46. Qc7+ Ke8
47. Bc6 1-0

[Event "London Classic FIDE Open"]
[Site "London ENG"]
[Date "2011.12.10"]
[Round "8"]
[White "Shweta, Gole"]
[Black "Guiot, Jerome"]
[Result "1/2-1/2"]
[WhiteElo "1999"]
[BlackElo "2100"]
[WhiteFideId "5068487"]
[BlackFideId "609765"]
[EventDate "2011.12.03"]

1. d4 Nf6 2. c4 c5 3. d5 b5 4. Nf3 e6 5. Bg5 exd5 6. cxd5 Bd6 7. Nc3 O-O 8. e3
c4 9. Qd4 Na6 10. Bxf6 gxf6 11. Ne4 Bb4+ 12. Kd1 Kg7 13. Ng3 d6 14. Nh5+ Kh8 15.
Nxf6 Bc5 16. Qf4 Qe7 17. g4 Rg8 18. Nxg8 Kxg8 19. h4 Nc7 20. e4 Bxf2 21. h5 Bd7
22. h6 Re8 23. Rh2 Bc5 24. Re2 b4 25. Ng5 c3 26. b3 f6 27. Nh3 Qe5 28. Qxe5 Rxe5
29. Kc2 Kf7 30. Nf2 Nb5 31. Nd3 Na3+ 32. Kd1 Bxg4 33. Nxe5+ fxe5 34. Ke1 Bxe2
35. Kxe2 Bd4 36. Kd3 c2 37. Rc1 Bb2 38. Rxc2 Nxc2 39. Kxc2 Bd4 40. Kd3 Kg6 41.
Ke2 Kxh6 42. Kf3 Kg5 43. Bh3 1/2-1/2